000 00438nam a2200193Ia 4500
008 210210b1920 xxu||||| |||| 00| 0 eng d
041 _aeng
082 _a531/48
100 _aDUNCAN (J)
245 _aText book of physics
260 _aLondon
_bMacmillan & Co. Ltd.
_c1920
300 _axxiii,1093
650 _aText
650 _aphysics
650 _abook
690 _aPhysics
700 _aSTARLING (S G)
906 _a008249
999 _c126150
_d126150